000 00359nam a2200145Ia 4500
005 20250729165709.0
008 250729s2009 xx 000 0 und d
041 _aeng
082 _a373.011 MICB
100 _aA .Michale
_9230811
245 _aBala Jyothi
260 _aBangalore
_bPrathibha Prakashana
_c2009
300 _a66p
650 _aEducation
_9230812
999 _c238968
_d238968